00576 2200205 4500001002100000005001500021035002000036245009100056100001000147250001100157300003300168700002700201260004700228082001100275084001700286020002200303600002300325990001100348990001100359INLIS00000000000193920251224023130 a0010-12250000151 aSeni Menulis Fiksi untuk Pemula :bMemahami dasar dan Teknik Menulis Fiksi /cN. Eka P0 aEka P aCet. 1 ax, 182 hlm :bilust ;c21 cm0 aAlbertus Aryo Anindito aJakarta :bPT Elex Media Komputindo,c2025 a808.02 a808.02 EKA s a978-623-007-127-0 4aTeknik Kepenulisan a004004 a004003